000 00602nam a2200205Ia 4500
005 20250923144837.0
008 008 250917s9999 xx 000 0 eng d
037 _aTextual
040 _aDSWL
_beng
_cDSWL
041 _aeng
_2eng
084 _aS1:Y1:Rz7, K0
_qDSWL
100 _aMussen, Paul Henry
_9828987
245 0 _aHandbook of Research methods in child development
_cby Paul Henry Mussen
260 _aNew York
_bYorkJohn Wiley &
_c1960
300 _ax,1061p.
365 _aUSD
_b14
925 _g14
942 _cTEXL
_hS1:Y1:Rz7, K0
999 _c1444049
_d1444049